LEADER 01396nam a2200277 4500 001 000000363776 003 CaOOAMICUS 005 20250729154024.0 008 250729s2020 it a 000 u ita r 020 $a978-88-6643-721-5 040 $aSeMil$bita 100 1 $aRaffaelli, Enzo.$0(OLS)http://semarc/name/122521 245 13$aLa Campagna di Grecia /$cEnzo Raffaelli, Stefano Gambarotto. 264 1$aTreviso :$bEditoriale Programma,$c2020. 300 $a159 p. :$bill. ;$c21 cm 500 $aRivisitazione abbreviata del vol.:"Campagna di Grecia: alpini e fanti. La tragica avventura ellenica, le conseguenze dell'8 settembre 1943, Creta, Cefalonia, Corfù, Lero, Treviso : Editrice Storica, 2010. 650 4$aGuerra mondiale <1939-1945> - Campagna italiana di Grecia <1940-1941>.$0(OLS)http://semarc/subject/58377 650 4$aGuerra mondiale <1939-1945> - Storia militare.$0(OLS)http://semarc/subject/56043 700 1 $aGambarotto, Stefano.$0(OLS)http://semarc/name/122522 850 $aSeMil 852 $aSeMil$W1$xVenegono$y1$m3V II 443$j260410$B254629$CSeMilBibl$Z2$F254629 $81 961 $aPerego don Stefano - Omaggio 996 $6020$a978-88-6643-721-5$9(OLS)http://semarc/number/303787 996 $6245$aLa Campagna di Grecia$9(OLS)http://semarc/title/455088 996 $6264$aTreviso :$bEditoriale Programma$9(OLS)http://semarc/publisher/62138 LEADER 01230nam a2200241 i 4500 001 000000066759 003 CaOOAMICUS 005 20220518152046.0 008 121012s1860 it u000 u ita u 013 $a37931 040 $aSeMil$bita 100 1 $aRosmini, Antonio,$c.$0(OLS)http://semarc/name/405 245 10$aDelle cinque piaghe della Santa Chiesa :$btrattato dedicato al clero cattolico : con appendice di alcune lettere sulla elezione de' vescovi a clero e oopolo /$cdell'abate Antonio Rosmini-Serbati. 264 1$aFirenze :$bF. Le Monnier,$c1860. 300 $a259 p. ;$c19 cm. 650 4$aRosmini Serbati, Antonio . Delle cinque piaghe della Chiesa.$0(OLS)http://semarc/subject/4557 850 $aSeMil 852 $aSeMil$W1$xVenegono$y1$m2N V 28 FA$j32912$B32912$CSeMilBibl$Z2$F32915 $8I 900 1 $aRosmini Serbati, Antonio. 996 $6245$aDelle cinque piaghe della Santa Chiesa :$btrattato dedicato al clero cattolico : con appendice di alcune lettere sulla elezione de' vescovi a clero e oopolo$9(OLS)http://semarc/title/106220 996 $6264$aFirenze :$bF. Le Monnier$9(OLS)http://semarc/publisher/30243